Normal view
MARC view
- O'Connell, Richard T
Entry Personal Name
001 - CONTROL NUMBER
- control field: 103451
003 - CONTROL NUMBER IDENTIFIER
- control field: NUST
005 - DATE AND TIME OF LATEST TRANSACTION
- control field: 20221123183320.0
008 - FIXED-LENGTH DATA ELEMENTS
- fixed length control field: 221123|| aca||aabn | a|a d
040 ## - CATALOGING SOURCE
- Original cataloging agency: NUST
- Transcribing agency: NUST
100 ## - HEADING--PERSONAL NAME
- Personal name: O'Connell, Richard T
670 ## - SOURCE DATA FOUND
- Source citation: Work cat.: (NUST)175390: Bowerman, Bruce L. 103449, Applied statistics :, c1997.
